000 00494nam a2200205Ia 4500
001 8322
003 OSt
005 20251114153559.0
008 211022s9999 xx 000 0 und d
020 _a9643063070
040 _cIVS
082 _a760 MES
_b8322
100 _aMeshki, Saed
245 0 _aAlireza Mostafazadeh Ebrahimi: Iranian Contemporary Graphic Designers 3
260 _aTehran
260 _bYassavoli Publications
260 _c2004
300 _a70 p.
942 _cBK
_2ddc
_n0
999 _c6031
_d6031